[Event "only the better players 2nd edition"]
[Site "SchemingMind.com"]
[Date "2021.02.06"]
[Round "-"]
[White "Apocalypse"]
[Black "Giraldo Menendez Rodriguez"]
[Result "0-1"]
[WhiteCountry "USA"]
[BlackCountry "CUB"]
[WhiteElo "2395"]
[WhiteRD "86"]
[BlackElo "2591"]
[BlackRD "66"]
[GameID "707672"]

1. e4 c5 2. b4 cxb4 3. Nf3 Nf6 4. e5 Nd5 5. a3 e6 6. axb4 Bxb4 7. c3 Be7 8. d4 O-O 9. Bd3 d6 10. c4 Nb4
11. exd6 Qxd6 12. Nc3 Nxd3+ 13. Qxd3 b6 14. O-O Nc6 15. Rd1 Rd8 16. Ne4 Qc7 17. Neg5 f5 18. Qe2 Bf6 19. Bb2 Na5 20. Nxe6 Bxe6
21. Qxe6+ Qf7 22. Qxf7+ Kxf7 23. Ra4 Rac8 24. Rc1 Nc6 25. c5 b5 26. Ra6 g5 27. h4 g4 28. Rd1 gxf3 29. Rb1 Rd5 30. Bc3 Bxd4
31. Bxd4 Nxd4 32. Rxa7+ Kg6 33. Kh2 h6 34. Ra3 Kh5 35. Rd3 fxg2 36. Kxg2 Rcxc5 37. Re3 Rc6 38. Rg3 Rc4 39. Rd3 Rd7 40. Kf1 b4
41. Rbd1 f4 42. f3 Kxh4 43. R1d2 h5 44. Kf2 Rd5 45. Rd1 Rc2+ 46. R3d2 b3 47. Rh1+ Kg5
0-1

[Event "only the better players 2nd edition"]
[Site "SchemingMind.com"]
[Date "2021.02.06"]
[Round "-"]
[White "Giraldo Menendez Rodriguez"]
[Black "Apocalypse"]
[Result "1-0"]
[WhiteCountry "CUB"]
[BlackCountry "USA"]
[WhiteElo "2591"]
[WhiteRD "66"]
[BlackElo "2395"]
[BlackRD "86"]
[GameID "707673"]

1. d4 g6 2. e4 Bg7 3. Nc3 c5 4. dxc5 Bxc3+ 5. bxc3 Nf6 6. e5 Ne4 7. Bc4 Nxc5 8. Nf3 Ne6 9. O-O Nc6 10. Bd5 h5
11. Re1 b6 12. c4 Ba6 13. Ba3 Rc8 14. Qd3 Qc7 15. Rad1 Na5 16. Nd2 Kf8 17. Qf3 Re8 18. Ne4 Kg8 19. Bd6 exd6 20. exd6 Qd8
21. Qc3 Kh7 22. Nf6+ Kh6 23. Re4 Nb7 24. Rh4 Nbc5 25. Ng4+ Kh7 26. Nf6+ Kh6 27. f4 Reg8 28. f5 Ng5 29. Ng4+ Kh7 30. Rf1 Nce6
31. fxe6 dxe6 32. Nf6+ Kg7 33. d7 Kf8 34. Bc6 Bb7 35. Bxb7 a6 36. Rhf4 h4 37. c5 Nh3+ 38. gxh3 Rh5 39. c6 Rg5+ 40. Rg4 Kg7
41. Rxg5 Qf8 42. Nxg8+ e5 43. Qxe5+ Kh7 44. d8=Q Qg7 45. Rg4 g5 46. Qxg7+ Kxg7 47. Qxg5+
1-0

[Event "only the better players 2nd edition"]
[Site "SchemingMind.com"]
[Date "2021.02.02"]
[Round "-"]
[White "joopsim"]
[Black "Giraldo Menendez Rodriguez"]
[Result "0-1"]
[WhiteCountry "NED"]
[BlackCountry "CUB"]
[WhiteElo "2441"]
[WhiteRD "91"]
[BlackElo "2588"]
[BlackRD "74"]
[GameID "707674"]

1. d4 Nf6 2. c4 c6 3. Bf4 Qb6 4. Qd2 Ne4 5. Qc2 d6 6. Nc3 Nxc3 7. bxc3 g6 8. e4 Bg7 9. h4 e5 10. Rb1 Qc7
11. Be3 h5 12. Bd3 O-O 13. Ne2 b6 14. f3 Nd7 15. Qd2 Bb7 16. Bh6 Kh7 17. Bxg7 Kxg7 18. g4 hxg4 19. Ng3 Qd8 20. fxg4 exd4
21. cxd4 c5 22. h5 Rh8 23. O-O cxd4 24. c5 dxc5 25. Qf4 Qe7 26. e5 Bd5 27. Rbe1 Be6= 28. Rf2 Qh4 29. Rg2 c4 30. Bf5 Nc5
0-1

[Event "only the better players 2nd edition"]
[Site "SchemingMind.com"]
[Date "2021.02.02"]
[Round "-"]
[White "Giraldo Menendez Rodriguez"]
[Black "joopsim"]
[Result "1/2-1/2"]
[WhiteCountry "CUB"]
[BlackCountry "NED"]
[WhiteElo "2581"]
[WhiteRD "76"]
[BlackElo "2621"]
[BlackRD "108"]
[GameID "707675"]

1. Nf3 d5 2. d4 Nf6 3. c4 c6 4. Nc3 e6 5. Bg5 dxc4 6. e4 b5 7. e5 h6 8. Bh4 g5 9. Nxg5 hxg5 10. Bxg5 Be7
11. exf6 Bxf6 12. Bxf6 Qxf6 13. g3 Na6 14. Bg2 Bb7 15. Ne4 Qe7 16. O-O O-O-O 17. h4= c5 18. a4 Rxd4 19. Qe2 b4 20. Rad1 Qc7
21. Ng5 Bxg2 22. Kxg2 Qc6+ 23. Kh2 f6 24. Qxe6+ Kb7 25. Qe7+ Qc7 26. Qxc7+ Nxc7 27. Nf7 Rh7 28. Rxd4 cxd4 29. Nd6+ Kc6 30. Nxc4 Ne6
31. Re1 Nc5 32. Re8=
1/2-1/2

[Event "only the better players 2nd edition"]
[Site "SchemingMind.com"]
[Date "2021.02.01"]
[Round "-"]
[White "frankly"]
[Black "Giraldo Menendez Rodriguez"]
[Result "1/2-1/2"]
[WhiteCountry "ENG"]
[BlackCountry "CUB"]
[WhiteElo "2594"]
[WhiteRD "63"]
[BlackElo "2591"]
[BlackRD "72"]
[GameID "707676"]

1. d4 Nf6 2. c4 c6 3. Nf3 d5 4. Nc3 e6 5. Bg5 h6 6. Bh4 dxc4 7. e4 g5 8. Bg3 b5 9. Be2 Bb7 10. h4 g4
11. Ne5 Nbd7 12. Nxd7 Qxd7 13. Be5 Qe7 14. O-O Rg8 15. b3 Bg7 16. bxc4 b4 17. Na4 Nxe4 18. Bxg7 Rxg7 19. Bd3 Qxh4 20. Bxe4 g3
21. fxg3 Qxe4 22. Qd2=
1/2-1/2

[Event "only the better players 2nd edition"]
[Site "SchemingMind.com"]
[Date "2021.02.01"]
[Round "-"]
[White "Giraldo Menendez Rodriguez"]
[Black "frankly"]
[Result "1/2-1/2"]
[WhiteCountry "CUB"]
[BlackCountry "ENG"]
[WhiteElo "2591"]
[WhiteRD "72"]
[BlackElo "2594"]
[BlackRD "63"]
[GameID "707677"]

1. Nf3 d5 2. d4 Nf6 3. c4 c6 4. Bg5 dxc4 5. e3 b5 6. Be2 h6 7. Bxf6 exf6 8. O-O a5 9. Qc2 Bd6 10. d5 O-O
11. a4 b4 12. dxc6 Nxc6 13. Rd1 Qe7 14. Nbd2 c3 15. bxc3 Bb7 16. Nc4 Bc7 17. Qb3 f5 18. cxb4 axb4 19. Rab1 Rad8 20. Bf1 f4
21. exf4 Bxf4 22. Re1 Qc5 23. Ne3 Rfe8 24. h4 Bd6 25. Bc4 Qh5= 26. g4 Nd4 27. Bxf7+ Qxf7 28. Qxf7+=
1/2-1/2

[Event "only the better players 2nd edition"]
[Site "SchemingMind.com"]
[Date "2021.02.02"]
[Round "-"]
[White "Giraldo Menendez Rodriguez"]
[Black "Matthew Bailey"]
[Result "1-0"]
[WhiteCountry "CUB"]
[BlackCountry "ENG"]
[WhiteElo "2591"]
[WhiteRD "72"]
[BlackElo "2570"]
[BlackRD "68"]
[GameID "707680"]

1. Nf3 d5 2. d4 Bf5 3. c4 e6 4. Nc3 Nc6 5. cxd5 exd5 6. Bf4 Bd6 7. Nxd5 Be4 8. Bxd6 Qxd6 9. Nc3 Bxf3 10. gxf3 Qxd4
11. e3 Qf6 12. f4 Nge7 13. Qb3 O-O-O 14. Bh3+ Kb8 15. Ne4 Na5 16. Nxf6 Nxb3 17. axb3 gxf6 18. Ke2 Rhg8 19. Ra5 Nd5 20. Bf5 h6
21. Be4 Ne7 22. Rh5 f5 23. Bd3 Rd6 24. Bxf5 Rd5 25. e4 Rd4 26. Rd1 Nxf5 27. Rxf5 Rxe4+ 28. Kf3 Rb4 29. Rd3 a5 30. Rxf7 Rg6
31. f5 Rgb6 32. Rf8+ Ka7 33. Rfd8 Rxb3 34. Rxb3 Rxb3+ 35. Kf4 Rb4+ 36. Kg3
1-0

[Event "only the better players 2nd edition"]
[Site "SchemingMind.com"]
[Date "2021.02.02"]
[Round "-"]
[White "Matthew Bailey"]
[Black "Giraldo Menendez Rodriguez"]
[Result "1/2-1/2"]
[WhiteCountry "ENG"]
[BlackCountry "CUB"]
[WhiteElo "2570"]
[WhiteRD "68"]
[BlackElo "2591"]
[BlackRD "72"]
[GameID "707681"]

1. c4 e5 2. g3 Nf6 3. Bg2 d5 4. cxd5 Nxd5 5. Nc3 Nb6 6. d3 Be7 7. f4 exf4 8. Bxf4 O-O 9. Nh3 Nc6 10. O-O Be6
11. Bd2 Nd5 12. Nxd5 Bxd5 13. e4 Be6 14. Nf4 Qd7 15. Bc3 Rad8 16. Kh1 Nd4 17. Bxd4 Bg4 18. Qc2 Qxd4 19. Qxc7 Bf6 20. Qxb7 Rb8
21. Qd5 Rxb2 22. h3 Bc8 23. Rab1 Rc2 24. Rfc1 Rxc1+ 25. Rxc1 Qb2 26. Qc5 h6 27. Nd5 Be6 28. Nxf6+ Qxf6 29. Qxa7 Qg5 30. Re1 Qxg3
31. Qe3 Qxe3 32. Rxe3 Bxa2 33. Re2=
1/2-1/2

[Event "only the better players 2nd edition"]
[Site "SchemingMind.com"]
[Date "2021.02.01"]
[Round "-"]
[White "Giraldo Menendez Rodriguez"]
[Black "Servelión Graterol Hernández"]
[Result "1/2-1/2"]
[WhiteCountry "CUB"]
[BlackCountry "VEN"]
[WhiteElo "2591"]
[WhiteRD "72"]
[BlackElo "2486"]
[BlackRD "93"]
[GameID "707682"]

1. Nf3 Nf6 2. c4 e6 3. Nc3 d5 4. d4 c6 5. Bg5 h6 6. Bh4 dxc4 7. e4 g5 8. Bg3 b5 9. h4 g4 10. Ne5 Nbd7
11. Be2 Nxe5 12. Bxe5 Rg8 13. O-O Bb7 14. g3 a6 15. Re1 Bb4 16. Qc2 Qe7 17. a4 Rd8 18. Rad1 Rg6 19. Bf4 Ba5 20. Be3 h5
21. Bf1 e5 22. Bg2 Nd7 23. axb5 axb5 24. d5 Nc5 25. dxc6 Bxc6 26. Rxd8+ Bxd8 27. Nd5 Bxd5 28. Bxc5 Qxc5 29. exd5 Kf8 30. Rxe5 Bc7
31. Re3=
1/2-1/2

[Event "only the better players 2nd edition"]
[Site "SchemingMind.com"]
[Date "2021.02.01"]
[Round "-"]
[White "Servelión Graterol Hernández"]
[Black "Giraldo Menendez Rodriguez"]
[Result "1/2-1/2"]
[WhiteCountry "VEN"]
[BlackCountry "CUB"]
[WhiteElo "2486"]
[WhiteRD "93"]
[BlackElo "2591"]
[BlackRD "72"]
[GameID "707683"]

1. e4 c5 2. Nf3 d6 3. d4 cxd4 4. Nxd4 Nf6 5. Nc3 a6 6. Bg5 Nbd7 7. a4 e6 8. a5 Be7 9. Nb3 O-O 10. Be2 Qc7
11. O-O h6 12. Be3 Nc5 13. Nxc5 dxc5 14. f4 Rd8 15. Qe1 Bd7 16. Qg3 Bc6 17. Bf3 Bf8 18. e5 Nd5 19. Nxd5 Bxd5 20. f5 exf5
21. Bxd5 Rxd5 22. Rxf5 Qc6 23. Rf6 Qc7 24. Rf5 Qc6 25. Rf6 Qc7=
1/2-1/2

[Event "only the better players 2nd edition"]
[Site "SchemingMind.com"]
[Date "2021.02.27"]
[Round "-"]
[White "Apocalypse"]
[Black "Jari Laine"]
[Result "1/2-1/2"]
[WhiteCountry "USA"]
[BlackCountry "FIN"]
[WhiteElo "2395"]
[WhiteRD "86"]
[BlackElo "2514"]
[BlackRD "78"]
[GameID "708645"]

1. e4 c5 2. b4 cxb4 3. Nf3 Nc6 4. d4 d5 5. exd5 Qxd5 6. c4 bxc3 7. Qa4 e6 8. Bb5 Qd8 9. O-O Nf6 10. Nxc3 Be7
11. Bxc6+ bxc6 12. Ba3 Bxa3 13. Qxa3 Qe7 14. Qa5 O-O 15. Ne5 Bb7 16. Rab1 Rfc8 17. Rb2 Rc7 18. Rfb1 h5 19. h3 c5 20. Nb5 Rcc8
21. Nd6 Qxd6 22. Rxb7 cxd4 23. Nxf7 Qf4 24. Qe5 Qxe5 25. Nxe5 Rc5 26. Nd7 Rd5 27. Nxf6+ gxf6 28. Re7 d3 29. Kf1 e5 30. Ke1 d2+
31. Kd1 Kh8 32. Rb2 Rg8 33. g3 h4 34. g4 f5 35. Rxd2 Rxd2+ 36. Kxd2 fxg4 37. hxg4=
1/2-1/2

[Event "only the better players 2nd edition"]
[Site "SchemingMind.com"]
[Date "2021.02.27"]
[Round "-"]
[White "Jari Laine"]
[Black "Apocalypse"]
[Result "1/2-1/2"]
[WhiteCountry "FIN"]
[BlackCountry "USA"]
[WhiteElo "2514"]
[WhiteRD "78"]
[BlackElo "2395"]
[BlackRD "86"]
[GameID "708646"]

1. d4 Nf6 2. c4 c6 3. Nf3 d5 4. e3 Nbd7 5. Nc3 e6 6. Qc2 Bd6 7. Bd3 dxc4 8. Bxc4 b5 9. Bd3 Bb7 10. e4 e5
11. O-O O-O 12. h3 a6 13. Nxe5 Nxe5 14. dxe5 Bxe5 15. Be3 Re8 16. a4 Bd4 17. Rfe1 Bxe3 18. Rxe3 Qd6 19. Rae1 Qe5 20. Ne2 g6
21. f4 Qc7 22. axb5 axb5 23. e5 Nd5 24. Rg3 Rad8 25. Qd2 Qb6+ 26. Kh2 Ne7 27. Qc2 Bc8 28. b4 Kh8 29. Rf3 Bf5 30. Ng3 Bxd3
31. Rxd3 Rxd3 32. Qxd3 Rd8 33. Qf3 Nd5 34. Ne4 Qd4 35. Nd6 Kg8 36. f5 Qf4+=
1/2-1/2

[Event "only the better players 2nd edition"]
[Site "SchemingMind.com"]
[Date "2021.02.27"]
[Round "-"]
[White "joopsim"]
[Black "Jari Laine"]
[Result "0-1"]
[WhiteCountry "NED"]
[BlackCountry "FIN"]
[WhiteElo "2441"]
[WhiteRD "91"]
[BlackElo "2520"]
[BlackRD "83"]
[GameID "708647"]

1. e4 e5 2. Nc3 Nf6 3. g3 Bc5 4. Bg2 Nc6 5. d3 Nd4 6. Na4 Be7 7. c4 c6 8. Ne2 d5 9. Nxd4 exd4 10. O-O O-O
11. exd5 cxd5 12. Bg5 dxc4 13. dxc4 Bg4 14. Bf3 Bxf3 15. Qxf3 Qa5 16. Qxb7 Qxg5 17. Qxe7 Rad8
0-1

[Event "only the better players 2nd edition"]
[Site "SchemingMind.com"]
[Date "2021.02.27"]
[Round "-"]
[White "Jari Laine"]
[Black "joopsim"]
[Result "1-0"]
[WhiteCountry "FIN"]
[BlackCountry "NED"]
[WhiteElo "2520"]
[WhiteRD "83"]
[BlackElo "2441"]
[BlackRD "91"]
[GameID "708648"]

1. d4 Nf6 2. c4 g6 3. f3 Nc6 4. d5 Ne5 5. e4 d6 6. Nc3 Bg7 7. f4 Ned7 8. Nh3 O-O 9. Be2 Nc5 10. Nf2 e5
11. dxe6 fxe6 12. Be3 b6 13. Qc2 Bb7 14. O-O-O Nfd7 15. h4 Bxc3 16. bxc3 e5 17. f5 Nf6 18. fxg6
1-0

[Event "only the better players 2nd edition"]
[Site "SchemingMind.com"]
[Date "2021.02.22"]
[Round "-"]
[White "Jari Laine"]
[Black "frankly"]
[Result "1/2-1/2"]
[WhiteCountry "FIN"]
[BlackCountry "ENG"]
[WhiteElo "2523"]
[WhiteRD "78"]
[BlackElo "2567"]
[BlackRD "69"]
[GameID "708649"]

1. d4 Nf6 2. c4 e6 3. Nc3 d5 4. cxd5 exd5 5. Bf4 c6 6. e3 Bf5 7. Nge2 Nh5 8. Be5 Nd7 9. Ng3 Nxg3 10. Bxg3 Be7
11. Bd3 Bg6 12. O-O O-O 13. Rc1 Nb6 14. Be2 Re8 15. Qb3 Bf8 16. a4 a5 17. Rfd1 Ra7 18. h3 Bb4 19. Na2 Bf8 20. Bf4 Nd7
21. Nc3 Nf6 22. Bd3 Qe7 23. Bg5 Qb4 24. Qc2 Bxd3 25. Rxd3 Ne4 26. Nxe4 Rxe4 27. Qb3 Bd6 28. Bd8 Ra6 29. Qxb4 Bxb4 30. f3 Re8
31. Bh4 h5 32. Kf1 f5 33. Bg3 Kf7 34. Rb3 Ra7 35. Ke2 g5 36. h4 g4 37. fxg4 hxg4 38. Rh1 Rc8 39. Rd3 Ke6 40. b3 Rh8
41. Be5 Rh5 42. Rdd1 Ra6 43. g3 Bf8 44. Kd2 Rb6 45. Kc2 Kf7 46. Bc7 Ra6 47. Bf4 Ra8 48. Rhf1 Ke6 49. Rd2 Bb4 50. Rdf2 Rf8
51. Rb1 Rh7 52. Kd3 Re8 53. Be5 Be7 54. Rbf1 Rf8 55. Rh1 Rh5 56. Rhf1 Rc8 57. Bf4 Rh7=
1/2-1/2

[Event "only the better players 2nd edition"]
[Site "SchemingMind.com"]
[Date "2021.02.23"]
[Round "-"]
[White "frankly"]
[Black "Jari Laine"]
[Result "1/2-1/2"]
[WhiteCountry "ENG"]
[BlackCountry "FIN"]
[WhiteElo "2585"]
[WhiteRD "70"]
[BlackElo "2518"]
[BlackRD "77"]
[GameID "708650"]

1. e4 c6 2. d4 d5 3. e5 Bf5 4. Nf3 e6 5. Be2 c5 6. Be3 cxd4 7. Nxd4 Ne7 8. Nd2 Nbc6 9. N2f3 Be4 10. O-O a6
11. Rc1 Rc8 12. c3 h6 13. Nd2 Nxe5 14. Nxe4 dxe4 15. Qc2 Nd5 16. Qxe4 Bd6 17. Rcd1 Nxe3 18. Qxe3 Qe7 19. Qe4 O-O 20. g3 Rfd8
21. Kg2 Nc4 22. Bd3 g6 23. Bxc4 Rxc4 24. Rd3 e5 25. Re1 Kh7 26. Qe2 b5 27. Nb3 Bc7 28. Rxd8 Qxd8 29. Rd1 Qa8+ 30. Qf3 Qxf3+
31. Kxf3 Kg7 32. Nd2 Rc6 33. Ke2 f5 34. a4 Kf6 35. f3 g5 36. axb5 axb5 37. Ra1 h5 38. h3 e4 39. fxe4 Bxg3 40. Ra8 g4
41. exf5 Kxf5 42. hxg4+ hxg4 43. Nf1 Bf4 44. Ne3+ Bxe3 45. Kxe3 Rh6 46. Rb8 Rh3+ 47. Kd4 Kf4 48. c4=
1/2-1/2

[Event "only the better players 2nd edition"]
[Site "SchemingMind.com"]
[Date "2021.02.22"]
[Round "-"]
[White "Jari Laine"]
[Black "Giraldo Menendez Rodriguez"]
[Result "1/2-1/2"]
[WhiteCountry "FIN"]
[BlackCountry "CUB"]
[WhiteElo "2518"]
[WhiteRD "77"]
[BlackElo "2578"]
[BlackRD "73"]
[GameID "708653"]

1. d4 Nf6 2. c4 c6 3. Nc3 d5 4. cxd5 cxd5 5. Bf4 Nc6 6. e3 a6 7. Be2 Bf5 8. g4 Be4 9. f3 Bg6 10. h4 h6
11. Nh3 Rc8 12. Rc1 e6 13. Kf2 Be7 14. Bg3 Nd7 15. Nf4 Bh7 16. Bd3 Bxd3 17. Qxd3 Nb6 18. Kg2 O-O 19. g5 Nc4 20. gxh6 Nxb2
21. Qb1 Nc4 22. hxg7 Kxg7 23. Kf2 Qb6 24. Nh5+ Kh8 25. Qxb6 Nxb6 26. Rb1 Nb4 27. Be5+ Kh7 28. Rxb4 Bxb4 29. Nf6+ Kh8 30. Nfxd5+ f6
31. Nxf6 Rxc3 32. Rb1 Nc4 33. Rxb4 b5 34. Rb1 Nxe5 35. dxe5 Rfc8 36. Rd1 b4=
1/2-1/2

[Event "only the better players 2nd edition"]
[Site "SchemingMind.com"]
[Date "2021.02.22"]
[Round "-"]
[White "Giraldo Menendez Rodriguez"]
[Black "Jari Laine"]
[Result "1/2-1/2"]
[WhiteCountry "CUB"]
[BlackCountry "FIN"]
[WhiteElo "2588"]
[WhiteRD "74"]
[BlackElo "2520"]
[BlackRD "83"]
[GameID "708654"]

1. Nf3 d5 2. d4 e6 3. c4 Nf6 4. Nc3 Bb4 5. cxd5 exd5 6. Bg5 h6 7. Bh4 Bf5 8. Qa4+ Nc6 9. e3 g5 10. Bg3 O-O
11. Bb5 Bxc3+ 12. bxc3 Ne7 13. Nd2 Ne4 14. Nxe4 Bxe4 15. O-O c6 16. Be2 Nf5 17. c4 dxc4 18. Qxc4 Qd5 19. Qxd5 Bxd5 20. Rfc1 Nxg3
21. hxg3 f5 22. f3 Rf6 23. a4 b6 24. Rab1 Re8 25. Rc3 h5 26. Kf2 Kf7 27. Rh1 Kg6 28. Bd3 g4 29. Rb1 Rfe6 30. Rbc1 R8e7
31. Bc2 Kf6 32. Rh1=
1/2-1/2

[Event "only the better players 2nd edition"]
[Site "SchemingMind.com"]
[Date "2021.02.23"]
[Round "-"]
[White "Jari Laine"]
[Black "Matthew Bailey"]
[Result "1/2-1/2"]
[WhiteCountry "FIN"]
[BlackCountry "ENG"]
[WhiteElo "2520"]
[WhiteRD "83"]
[BlackElo "2538"]
[BlackRD "70"]
[GameID "708655"]

1. e4 e5 2. Nc3 Nc6 3. Bc4 Nf6 4. d3 Na5 5. Nge2 Nxc4 6. dxc4 Bc5 7. O-O d6 8. Qd3 Be6 9. b3 O-O 10. Be3 Nd7
11. Bxc5 Nxc5 12. Qe3 Qd7 13. Rad1 Rae8 14. f3 f5 15. exf5 Bxf5 16. Ng3 Be6 17. Nge4 Nxe4 18. fxe4 b6 19. a4 Rxf1+ 20. Rxf1 Rf8
21. Rxf8+ Kxf8 22. a5 h6 23. axb6 axb6 24. Kf2 Ke8 25. Qg3 Qf7+=
1/2-1/2

[Event "only the better players 2nd edition"]
[Site "SchemingMind.com"]
[Date "2021.02.23"]
[Round "-"]
[White "Matthew Bailey"]
[Black "Jari Laine"]
[Result "1/2-1/2"]
[WhiteCountry "ENG"]
[BlackCountry "FIN"]
[WhiteElo "2537"]
[WhiteRD "71"]
[BlackElo "2518"]
[BlackRD "77"]
[GameID "708656"]

1. e4 e5 2. Nf3 Nc6 3. d4 exd4 4. Nxd4 Nf6 5. Nxc6 bxc6 6. e5 Qe7 7. Qe2 Nd5 8. c4 Ba6 9. b3 g6 10. Ba3 Nb4
11. Bb2 Bg7 12. a3 Nd5 13. Nd2 O-O 14. O-O-O Rab8 15. h4 Rfe8 16. Re1 Nf4 17. Qe3 Ne6 18. h5 c5 19. f4 d6 20. hxg6 hxg6
21. Qh3 Nd4 22. Bxd4 cxd4 23. e6 Qf6 24. exf7+ Kxf7 25. Qd7+ Re7 26. Rxe7+ Qxe7 27. Qxe7+ Kxe7 28. Kc2 Bb7 29. b4 Kf7 30. Bd3 Re8
31. Rh4 Re1 32. Rg4 Ra1 33. Kb2 Rd1 34. Bxg6+ Kf8 35. Kc2 Ra1 36. Be4 Bxe4+ 37. Nxe4 Rxa3 38. Rg6 a5 39. bxa5 Rxa5 40. g4 Ra2+
41. Kb3 Rh2 42. Ng5 Bh8 43. f5 d3 44. f6 Rf2 45. Ne4 Rf4 46. Ng5 Rf1 47. Kc3 Rxf6 48. Nh7+ Kf7 49. Rxf6+ Bxf6+ 50. Nxf6=
1/2-1/2

[Event "only the better players 2nd edition"]
[Site "SchemingMind.com"]
[Date "2021.02.22"]
[Round "-"]
[White "Jari Laine"]
[Black "Servelión Graterol Hernández"]
[Result "1/2-1/2"]
[WhiteCountry "FIN"]
[BlackCountry "VEN"]
[WhiteElo "2523"]
[WhiteRD "78"]
[BlackElo "2568"]
[BlackRD "67"]
[GameID "708657"]

1. e4 c5 2. Nf3 d6 3. d4 cxd4 4. Nxd4 Nf6 5. Nc3 a6 6. h3 e5 7. Nb3 Be6 8. Be3 Be7 9. Qf3 O-O 10. O-O-O b5
11. g4 b4 12. Nd5 Nxd5 13. exd5 Bc8 14. Bd3 a5 15. Nd2 Nd7 16. h4 a4 17. h5 Qc7 18. Ne4 Ba6 19. Kb1 Bxd3 20. Rxd3 Qc4
21. Nd2 Qb5 22. Ne4 Qc4 23. Nd2 Qb5 24. Ne4 Qc4=
1/2-1/2

[Event "only the better players 2nd edition"]
[Site "SchemingMind.com"]
[Date "2021.02.23"]
[Round "-"]
[White "Servelión Graterol Hernández"]
[Black "Jari Laine"]
[Result "1/2-1/2"]
[WhiteCountry "VEN"]
[BlackCountry "FIN"]
[WhiteElo "2568"]
[WhiteRD "67"]
[BlackElo "2523"]
[BlackRD "78"]
[GameID "708658"]

1. d4 d5 2. c4 e6 3. Nf3 Nf6 4. g3 Be7 5. Bg2 O-O 6. O-O dxc4 7. Qc2 a6 8. a4 Bd7 9. Qxc4 Bc6 10. Bg5 Nbd7
11. Nc3 h6 12. Bf4 Bd6 13. Qd3 Bxf4 14. gxf4 Re8 15. b4 Bxf3 16. Bxf3 c6 17. b5 axb5 18. axb5 Rxa1 19. Rxa1 Qc7 20. e3 c5
21. dxc5 Nxc5 22. Qc4 Rc8 23. h3 Ne8 24. Rd1 b6 25. Ne4 Nb7 26. Qb4 Rd8 27. Ra1=
1/2-1/2

[Event "only the better players 2nd edition"]
[Site "SchemingMind.com"]
[Date "2021.03.12"]
[Round "-"]
[White "Apocalypse"]
[Black "Till Plewe"]
[Result "1/2-1/2"]
[WhiteCountry "USA"]
[BlackCountry "JPN"]
[WhiteElo "2395"]
[WhiteRD "86"]
[BlackElo "2565"]
[BlackRD "72"]
[GameID "709208"]

1. e4 c5 2. b4 cxb4 3. Nf3 d5 4. exd5 Nf6 5. a3 Nxd5 6. d4 Bf5 7. Bb5+ Bd7 8. Be2 e6 9. O-O Nc6 10. axb4 Bxb4
11. c4 Nf6 12. Qd3 O-O 13. Nc3 Re8 14. Rd1 a5 15. Ne5 Qe7 16. Bb2 Red8 17. Nxd7 Rxd7 18. Nb5 Rad8 19. g3 Ne8 20. Qe3 Nd6
21. Nxd6=
1/2-1/2

[Event "only the better players 2nd edition"]
[Site "SchemingMind.com"]
[Date "2021.03.12"]
[Round "-"]
[White "Till Plewe"]
[Black "Apocalypse"]
[Result "1/2-1/2"]
[WhiteCountry "JPN"]
[BlackCountry "USA"]
[WhiteElo "2565"]
[WhiteRD "72"]
[BlackElo "2395"]
[BlackRD "86"]
[GameID "709209"]

1. e4 e5 2. Nf3 Nc6 3. d4 exd4 4. Nxd4 Bc5 5. Nb3 Bb6 6. Nc3 Nf6 7. Bg5 h6 8. Bh4 O-O 9. Qe2 g5 10. Bg3 d5
11. O-O-O Re8 12. Nxd5 Nxd5 13. Rxd5 Qe7 14. h4 Be6 15. Rd1 a5 16. hxg5 a4 17. Qh5 Qf8 18. Nd2 a3 19. b3 Qg7 20. e5 Nxe5=
21. Ne4 Ng4 22. Nf6+=
1/2-1/2

[Event "only the better players 2nd edition"]
[Site "SchemingMind.com"]
[Date "2021.03.07"]
[Round "-"]
[White "joopsim"]
[Black "Till Plewe"]
[Result "0-1"]
[WhiteCountry "NED"]
[BlackCountry "JPN"]
[WhiteElo "2441"]
[WhiteRD "91"]
[BlackElo "2548"]
[BlackRD "85"]
[GameID "709210"]

1. c4 c5 2. Nf3 g6 3. d4 cxd4 4. Nxd4 Nf6 5. Nc3 d5 6. Nf3 Be6 7. Ng5 d4 8. Nxe6 fxe6 9. Nb1 Qb6 10. g3 Qc6
11. f3 Qxc4 12. Nd2 Qd5 13. Bg2 Bg7 14. O-O Nc6 15. f4 Qc5
0-1

[Event "only the better players 2nd edition"]
[Site "SchemingMind.com"]
[Date "2021.03.07"]
[Round "-"]
[White "Till Plewe"]
[Black "joopsim"]
[Result "1-0"]
[WhiteCountry "JPN"]
[BlackCountry "NED"]
[WhiteElo "2548"]
[WhiteRD "85"]
[BlackElo "2441"]
[BlackRD "91"]
[GameID "709211"]

1. e4 e6 2. d4 d5 3. Nc3 Bb4 4. exd5 exd5 5. Bd3 Nc6 6. Nf3 Nf6 7. O-O Bg4 8. Re1+ Be7 9. Be2 O-O 10. Ne5 Bxe2
11. Rxe2 Re8 12. Qd3 Bd6 13. Bf4 Bxe5 14. Bxe5 Nd7 15. Bg3 Rxe2 16. Nxe2 h5 17. Re1
1-0

[Event "only the better players 2nd edition"]
[Site "SchemingMind.com"]
[Date "2021.03.08"]
[Round "-"]
[White "Jari Laine"]
[Black "Till Plewe"]
[Result "0-1"]
[WhiteCountry "FIN"]
[BlackCountry "JPN"]
[WhiteElo "2518"]
[WhiteRD "77"]
[BlackElo "2558"]
[BlackRD "85"]
[GameID "709212"]

1. d4 Nf6 2. c4 g6 3. f3 d5 4. cxd5 Nxd5 5. e4 Nb6 6. Nc3 Bg7 7. Be3 O-O 8. Qd2 e5 9. d5 c6 10. h4 cxd5
11. exd5 N8d7 12. h5 Nf6 13. hxg6 fxg6 14. O-O-O Bd7 15. d6 Rc8 16. Kb1 e4 17. fxe4 Ng4 18. Bg5 Qe8 19. Nf3 Rf7 20. Be7 Rxc3
21. bxc3 Qc8 22. Rc1 Na4 23. Ng5 Qc5 24. Qd5 Qxd5 25. Rh3 Qd2= 26. Bc4 Qb2#
0-1

[Event "only the better players 2nd edition"]
[Site "SchemingMind.com"]
[Date "2021.03.08"]
[Round "-"]
[White "Till Plewe"]
[Black "Jari Laine"]
[Result "1/2-1/2"]
[WhiteCountry "JPN"]
[BlackCountry "FIN"]
[WhiteElo "2548"]
[WhiteRD "85"]
[BlackElo "2520"]
[BlackRD "83"]
[GameID "709213"]

1. e4 e5 2. Nf3 Nc6 3. Bc4 Bc5 4. c3 Nf6 5. d4 exd4 6. e5 d5 7. Bb5 Ne4 8. cxd4 Bb6 9. Nc3 O-O 10. Be3 Bg4
11. h3 Bh5 12. Qc2 Bg6 13. Qb3 Ne7 14. O-O c6 15. Bd3 Nf5 16. Qc2 Nxe3 17. fxe3 Ng5 18. Bxg6 c5 19. Nxg5=
1/2-1/2

[Event "only the better players 2nd edition"]
[Site "SchemingMind.com"]
[Date "2021.03.08"]
[Round "-"]
[White "Till Plewe"]
[Black "frankly"]
[Result "1/2-1/2"]
[WhiteCountry "JPN"]
[BlackCountry "ENG"]
[WhiteElo "2548"]
[WhiteRD "85"]
[BlackElo "2593"]
[BlackRD "73"]
[GameID "709214"]

1. e4 e5 2. Nf3 Nc6 3. Bc4 Nf6 4. Ng5 d5 5. exd5 Na5 6. Bb5+ c6 7. dxc6 bxc6 8. Bd3 Nd5 9. Nf3 Bd6 10. O-O Nf4
11. Nc3 Nxd3 12. cxd3 O-O 13. Ne4 Bc7 14. Qc2 c5 15. Qxc5 Ba6 16. Re1 Bxd3 17. b3 Re8 18. Ba3 Bb6 19. Qc3 Bxe4 20. Rxe4 Rc8
21. Qb4 Nc6 22. Qd6 Qxd6 23. Bxd6 Rcd8 24. Ba3 f5 25. Rc4 e4 26. Rxc6 exf3 27. Bc5 Rxd2 28. Bxb6 Rxa2 29. Rac1 axb6 30. gxf3 Ree2
31. Rxb6 h6 32. Rf1=
1/2-1/2